Statistiques concernant Dragon (dreamworks) : personnages

Cliquez ici pour prendre le quiz!

Statistiques générales

  • Ce quiz a été pris 51 fois
  • Le résultat moyen est 13 sur 21

Statistiques - réponses

HintRéponse% Correct
Jeune viking blondeAstrid
100%
Héro des filmsHarold
95%
Dragon du héroKrokmou
95%
JumeauKranedur
84%
Père du héroStoik
84%
JumelleKognedur
78%
Il a un cauchemar monstrueuxRustik
76%
Il a un gronkVarek
73%
VipèreTempête
70%
Antagoniste dragon 2Drago
65%
Cauchemar monstrueuxKrochefer
62%
Meilleur ami du père du héroGueulfor
54%
Mère du héroValka
54%
Dragon de la mère du héroJumper
51%
GronkBouledogre
46%
Antagoniste dragon 3Grimmel
46%
Dragon à deux têtesProut et Pète
32%
Ennemi puis ensuite allié des dragonniersEret
27%
Dragon du forgeronGrump
27%
Dragon du père du héroCranecrusher
22%
L'ancienneGothik
11%

Distribution des résultats

Percentile par nombre de réponses

% des personnes avec chaque résultat

Votre développement - résultats

Vous n’avez pas pris ce quiz